| 000 | 00948aam a2200361 4500 | ||
|---|---|---|---|
| 005 | 20251121183950.0 | ||
| 008 | 150608b2008 xxu||||| |||| 00| 0 spa d | ||
| 020 | _a9789701510544 | ||
| 041 | _aESP | ||
| 082 | _a519.5 L665f2 | ||
| 100 | _aLevin, Jack | ||
| 100 | _a Levin, William C. | ||
| 245 | _aFundamentos de estadistica: en la investigación social | ||
| 250 | _a2 edición | ||
| 260 | _aMéxico | ||
| 260 | _bAlfaomega | ||
| 260 | _c2008 | ||
| 300 | _a305 páginas | ||
| 490 | _aDirección y Administración de Empresas | ||
| 490 | _aGestión de Calidad | ||
| 650 | _aESTADÍSTICA | ||
| 650 | _aORGANIZACIÓN DE DATOS | ||
| 650 | _aGRÁFICAS | ||
| 650 | _aMEDIDAS DE TENDENCIAS CENTRAL | ||
| 650 | _aMEDIDAS DE DISPERSIÓN | ||
| 650 | _aCURVA NORMAL | ||
| 650 | _aTOMA DE DECISIONES | ||
| 650 | _aANÁLISIS DE VARIANZA | ||
| 650 | _aCCORRELACIONES | ||
| 942 |
_cBK _2ddc |
||
| 999 |
_c2712 _d2712 |
||